| 000 | 01541cam a22003494a 4500 | ||
|---|---|---|---|
| 001 | 12882985 | ||
| 005 | 20060721210518.0 | ||
| 008 | 020803s2003 enk | b 001 0 eng d | ||
| 010 | _a 2002028264 | ||
| 020 | _a0199251193 (pbk. : acidfree paper) | ||
| 040 |
_aDLC _cDLC _dDLC |
||
| 042 | _apcc | ||
| 050 | 0 | 0 |
_aJZ1308 _b.O73 2003 |
| 082 | 0 | 0 |
_a327.101 _221 _bORD |
| 245 | 0 | 0 |
_aOrder and Justice in International Relations / _cEdited by Rosemary Foot, John Gaddis, and Andrew Hurrell. |
| 260 |
_aOxford : _bOxford University Press, _cc2003. |
||
| 300 |
_axiv, 313 p. ; _c25 cm. |
||
| 504 | _aIncludes bibliographical references and index. | ||
| 541 | _aBacca ; | ||
| 650 | 0 |
_aInternational relations. _915788 |
|
| 650 | 0 |
_aPeace. _915789 |
|
| 650 | 0 |
_aSecurity, International. _915790 |
|
| 650 | 0 |
_aJustice. _915791 |
|
| 700 | 1 |
_aFoot, Rosemary, _d1948- _eEditro _915792 |
|
| 700 | 1 |
_aGaddis, John Lewis. _eEditor _915793 |
|
| 700 | 1 |
_aHurrell, Andrew, _d1955- _eEditor _915794 |
|
| 856 | 4 | 2 |
_3Publisher description _uhttp://www.loc.gov/catdir/enhancements/fy0613/2002028264-d.html |
| 856 | 4 | 1 |
_3Table of contents only _uhttp://www.loc.gov/catdir/enhancements/fy0613/2002028264-t.html |
| 942 |
_2ddc _cBB |
||
| 999 |
_c14355 _d14355 |
||